Калибратор для исследования электромагнитных расходомеров имитационным методом; Измерительная техника; № 12

Библиографические подробности
Источник:Измерительная техника=Measurement Techniques: научно-технический журнал/ Российская Федерация, Федеральное агентство по техническому регулированию и метрологии (Ростехрегулирование) (Госстандарт России).— , 1940-1941, 1955-.— 0368-1025
№ 12.— 2004.— С. 45-47
Главный автор: Вельт И. Д.
Язык:русский
Опубликовано: 2004
Серии:Механические измерения
Предметы:
Формат: Статья
Запись в KOHA:https://koha.lib.tpu.ru/cgi-bin/koha/opac-detail.pl?biblionumber=395955

MARC

LEADER 00000naa2a2200000 4500
001 395955
005 20231101064719.0
035 |a (RuTPU)RU\TPU\prd\33632 
090 |a 395955 
100 |a 20050310a2004 k y0rusy50 ca 
101 0 |a rus 
102 |a RU 
200 1 |a Калибратор для исследования электромагнитных расходомеров имитационным методом  |f И. Д. Вельт 
225 1 |a Механические измерения 
320 |a Библиогр.: 2 назв. 
461 1 |0 (RuTPU)RU\TPU\prd\1509  |x 0368-1025  |t Измерительная техника  |l Measurement Techniques  |o научно-технический журнал  |f Российская Федерация, Федеральное агентство по техническому регулированию и метрологии (Ростехрегулирование) (Госстандарт России)  |d 1940-1941, 1955- 
463 1 |0 (RuTPU)RU\TPU\prd\32186  |t № 12  |v С. 45-47  |d 2004 
610 1 |a калибраторы 
610 1 |a электромагнитные расходомеры 
610 1 |a индукторы 
610 1 |a имитационное моделирование 
675 |a 681.121:621.317:537.321:62  |v 3 
700 1 |a Вельт  |b И. Д. 
801 1 |a RU  |b 63413507  |c 20050310  |g PSBO 
801 2 |a RU  |b 63413507  |c 20121218  |g RCR 
942 |c BK